000 00717nam a2200277Ia 4500
008 160716s9999||||xx |||||||||||||| ||und||
040 _cEnglish
082 _aIX/Wada
082 _bBORI-64423
100 _atohihirao Wada
245 _aInvariable Concomitance in Navya Nyaya
260 _aDelhi
260 _bsri satguru Publications
300 _a12+535
300 _cB
300 _epaperback
530 _u00064423.pdf
563 _aStudy
600 _atohihirao Wada
630 _aInvariable Concomitance in Navya Nyaya
650 _a"ayurveda,medicine"
650 _aTechnical science
700 _atohihirao Wada
730 _aInvariable Concomitance in Navya Nyaya
942 _cBOOK
999 _c1397616
_d1397613